Dies Incertus.

Saved in:
Bibliografiske detaljer
Hovedforfatter: Bustelo, Ana G (autora)
Format: Bog
Sprog:engelsk
Udgivet: Santiago de Compostela, España: Universidade de Santiago de Compostela, 1996-2000.
Serier:Cuadernos Compostelanos de Derecho Romano, 8, 11.
Fag:
Tags: Tilføj Tag
Ingen Tags, Vær først til at tagge denne postø!

MARC

LEADER 00000nam a22000007a 4500
003 CL-VaPUC
005 20220822114435.0
008 220317t1996 ||||| |||| 00| 0 eng d
999 |c 434914  |d 434912 
020 |a 84-8121-577-5 (v.I) 
020 |a 84-8121-886-3 (v.II) 
022 |a 1575-1651 (v.II)  
040 |c Pontificia Universidad Católica de Valparaíso 
082 |2 22  |a 340.54 BUS 1996 (v.I) 
082 |2 22  |a 340.54 BUS 2000 (v.II) 
100 |a Bustelo, Ana G  |9 867313  |e autora 
245 |a Dies Incertus.  
260 |a Santiago de Compostela, España:   |b Universidade de Santiago de Compostela,   |c 1996-2000. 
300 |a 2 Volúmenes.  
490 |a Cuadernos Compostelanos de Derecho Romano,   |v  8, 11. 
500 |a c.1 Volumen I: Donación Familia Prof. Alejandro Guzmán Brito. c.1 Volumen II: Donación Familia Prof. Alejandro Guzmán Brito. 
505 |a Índice: v.I: - Abreviaturas y siglas especiales. - Introducción. - El dies incertus ene l contexto de los restantes "elementos accidentales". - I. Pure - In diem - Sub condicione. - II. Dies - Condicione. - III. Dies Incertus - Dies certus/ condicio. - IV. Conclusiones. - Índice de fuentes. v.II: "Cum in familiam nupserit", "cum magistratum inierit", "cum pubes erit", dies aetatis. - Abreviaturas y siglas especiales. - Introducción. - Cláusulas calificadas de dies incerti. - I. "Cum in familiam nupserit". - II. "Cum magistratum inierit" - III. Cum pubes erit. - IV. Dies aetatis. - Conclusiones. - Índice de fuentes. 
583 |c 20220317  |k Yessy Stephany Diaz Vidal 
650 |a Derecho romano privado  |9 869840 
942 |2 ddc  |c BK  |n 0 
952 |0 0  |1 0  |2 ddc  |4 0  |6 340_540000000000000_BUS1996  |7 0  |8 C_AGB  |9 581912  |a BIBDER  |b BIBDER  |d 2022-03-17  |e Donación   |h v.I  |i 5650148  |o 340.54 BUS1996  |p 5650148  |r 2023-01-25  |t 1   |w 2022-03-17  |y BK_US  |k AGB 
952 |0 0  |1 0  |2 ddc  |4 0  |6 340_540000000000000_BUS_2000  |7 0  |8 C_AGB  |9 581913  |a BIBDER  |b BIBDER  |d 2022-03-17  |e Donación   |h v.II  |i 5650149  |o 340.54 BUS 2000  |p 5650149  |r 2023-01-25  |t 1   |w 2022-03-17  |y BK_US  |k AGB